| 000 | 01340nam a22003497a 4500 | ||
|---|---|---|---|
| 003 | CHAP | ||
| 005 | 20220329140324.0 | ||
| 008 | 971013s1967 r 00010 d | ||
| 010 | _a50367 | ||
| 011 | _a51339 | ||
| 035 | _a55489 | ||
| 040 | _cCHAP | ||
| 090 | _aFolleto 401 | ||
| 100 | 0 | 0 |
_aPlá Sentíes, Ildefonso. _989191 |
| 245 | _aEvaluación cuantitativa de los bicarbonatos en el agua de riego sobre las propiedades químicas y físicas de los suelos y factores que influyen sobre la magnitud de tales efectos | ||
| 260 |
_aMaracay : _bUniversidad Central de Venezuela. Fac. de Agronomía, _c1967 |
||
| 300 |
_a88 p. _b: ilus. |
||
| 490 |
_aRevista de la Facultad de Agronomía. Alcance _v; 12 |
||
| 590 |
_aBATCH-UPD _b10 _c20130110 _lUCH01 _h0326 |
||
| 590 |
_aBATCH-UPD _b10 _c20130110 _lUCH01 _h2119 |
||
| 590 |
_aBATCH-UPD _b10 _c20130409 _lUCH01 _h2359 |
||
| 590 |
_aBATCH-UPD _b10 _c20130410 _lUCH01 _h1539 |
||
| 590 |
_aBATCH-UPD _b10 _c20130914 _lUCH01 _h1921 |
||
| 590 |
_aCONVERSION _b10 _c20130109 _lUCH01 _h1327 |
||
| 650 | 1 | 4 |
_aAgua para irrigacion _xAnalisis. _92433 |
| 650 | 1 | 4 |
_aSuelos _xFísica de. _9110373 |
| 650 | 1 | 4 |
_aSuelos _xQuímica de. _9110470 |
| 830 | 0 |
_aRevista de la Facultad de Agronomía. Alcance _v; 12 _996708 |
|
| 901 | _aBK | ||
| 942 | _cFOLL | ||
| 949 |
_aFolleto 401 _bBC _cFOLL _d-121700 _eTS1 _i55489 _si |
||
| 999 |
_c50367 _d50367 |
||